[Event "IV Festival B"]
[Site "Codogno ITA"]
[Date "2012.09.22"]
[Round "2"]
[White "Biava, Pierluigi"]
[Black "Vecchio, Paolo L."]
[WhiteElo "1645"]
[BlackElo "1350"]
[Result "1-0"]
[PlyCount "93"]
[EventDate "2012.09.21"]

1. d4 g6 2. c4 d6 3. Nc3 Bg7 4. e4 e6 5. Be3 Nd7 6. h4 h6 7. Be2 a6 8. Qc2 Ne7
9. h5 g5 10. O-O-O b6 11. Bf3 Rb8 12. Nge2 Bb7 13. Rhe1 Nc6 14. Ng3 Qe7 15. a3
Na7 16. Bg4 O-O 17. f3 Nf6 18. Bh3 Bc8 19. e5 Ne8 20. f4 f6 21. d5 exd5 22.
Nxd5 Qd8 23. exd6 Nxd6 24. Qg6 Bxh3 25. gxh3 Qd7 26. fxg5 Qf7 27. gxh6 Qxg6 28.
hxg6 Nxc4 29. hxg7 Kxg7 30. Nf5+ Kxg6 31. Nde7+ Kh7 32. Bf4 Nb5 33. Rd7 Rbd8
34. Red1 Rxd7 35. Rxd7 Rf7 36. Bxc7 Nxc7 37. Rxc7 Ne5 38. Nd6 Rg7 39. Nd5 Rxc7+
40. Nxc7 Kg6 41. Nd5 f5 42. Ne7+ Kf6 43. Nexf5 Ke6 44. h4 Nf7 45. Nxf7 Kxf7 46.
h5 Kg8 47. Kd2 1-0

[Event "IV Festival B"]
[Site "Codogno ITA"]
[Date "2012.09.22"]
[Round "2"]
[White "Cautiero, Pietro"]
[Black "Guasconi, Lelio"]
[WhiteElo "1694"]
[BlackElo "1577"]
[Result "1/2-1/2"]
[PlyCount "57"]
[EventDate "2012.09.21"]

1. d4 Nf6 2. Nc3 d5 3. Bg5 e6 4. e4 dxe4 5. Nxe4 Be7 6. Nxf6+ Bxf6 7. Bxf6 Qxf6
8. Nf3 O-O 9. Bd3 Nd7 10. Qd2 h6 11. O-O b6 12. Rfe1 Bb7 13. Ne5 Rad8 14. f4 c5
15. Be4 Bxe4 16. Rxe4 cxd4 17. Nc6 Nc5 18. Rxd4 Rxd4 19. Qxd4 Qxd4+ 20. Nxd4
Rd8 21. c3 Na4 22. Rb1 g5 23. g3 Kg7 24. Kf2 Rd6 25. Ke3 a6 26. Kd2 f6 27. Kc2
Kf7 28. Re1 b5 29. Re2 1/2-1/2

[Event "IV Festival B"]
[Site "Codogno ITA"]
[Date "2012.09.22"]
[Round "2"]
[White "Fantina, Carla"]
[Black "Silini, Bruno"]
[WhiteElo "1476"]
[BlackElo "1623"]
[Result "1-0"]
[PlyCount "107"]
[EventDate "2012.09.21"]

1. c4 e5 2. Nc3 c6 3. d3 Bb4 4. Bd2 Nf6 5. a3 Be7 6. Nf3 d6 7. g3 O-O 8. Bg2
Bf5 9. e4 Bg4 10. h3 Bxf3 11. Qxf3 Nbd7 12. b4 Ne8 13. Qd1 Nc7 14. O-O Ne6 15.
f4 b5 16. cxb5 cxb5 17. Nd5 Nd4 18. f5 Bg5 19. Rb1 Bxd2 20. Qxd2 Nb6 21. f6
Nxd5 22. exd5 Rc8 23. fxg7 Kxg7 24. Qd1 Qg5 25. g4 Rc2 26. Rf2 Qe3 27. Qf1 Rxf2
28. Qxf2 Qxd3 29. Re1 Rc8 30. Rf1 Rc7 31. Qf6+ Kg8 32. Qd8+ Kg7 33. Qxc7 Ne2+
34. Kh2 Qg3+ 35. Kh1 Nf4 36. Rxf4 exf4 37. Qxd6 Qe1+ 38. Kh2 Qg3+ 39. Kg1 Qe1+
40. Bf1 Qg3+ 41. Kh1 Qf3+ 42. Bg2 Qg3 43. Qe5+ f6 44. Qe4 Qxa3 45. Qxf4 Qd3 46.
d6 Qd1+ 47. Kh2 Kf7 48. g5 Qa1 49. Bd5+ Kg6 50. Be4+ f5 51. Qxf5+ Kg7 52. Qxh7+
Kf8 53. Qe7+ Kg8 54. d7 1-0

[Event "IV Festival B"]
[Site "Codogno ITA"]
[Date "2012.09.22"]
[Round "2"]
[White "Folcini, Gaddo"]
[Black "Carbone, Lorenzo"]
[WhiteElo "1606"]
[BlackElo "1737"]
[Result "1-0"]
[PlyCount "57"]
[EventDate "2012.09.21"]

1. d4 d5 2. Nf3 e6 3. Bg5 Nf6 4. Nbd2 Be7 5. Ne5 O-O 6. Ndf3 Nbd7 7. Nxd7 Nxd7
8. h4 h6 9. Qd2 b6 10. Bxh6 gxh6 11. Qxh6 Nf6 12. Rh3 Ne4 13. Ng5 Nf6 14. Rg3
Qd6 15. Ne4+ Qxg3 16. Nxg3 c5 17. Nh5 Nxh5 18. Qxh5 Bf6 19. e3 Re8 20. g4 Kf8
21. g5 Bg7 22. c3 e5 23. dxc5 bxc5 24. Bb5 Re6 25. O-O-O d4 26. Bc4 Re7 27. g6
Be6 28. Bxe6 Rxe6 29. Qf3 1-0

[Event "IV Festival B"]
[Site "Codogno ITA"]
[Date "2012.09.22"]
[Round "2"]
[White "Giuria, Abramo"]
[Black "Marchesotti, Giovanni"]
[WhiteElo "1717"]
[BlackElo "1525"]
[Result "1/2-1/2"]
[PlyCount "70"]
[EventDate "2012.09.21"]

1. e4 c5 2. Nf3 e6 3. d4 cxd4 4. Nxd4 a6 5. Nc3 Qc7 6. Be2 Nf6 7. a3 Be7 8. Be3
d6 9. f4 Nc6 10. O-O Bd7 11. Rc1 Nxd4 12. Bxd4 Bc6 13. Qd3 O-O 14. e5 Nd7 15.
Qg3 dxe5 16. fxe5 Bc5 17. Bxc5 Nxc5 18. Rfe1 Qb6 19. Qe3 Na4 20. Qxb6 Nxb6 21.
Bd3 Rad8 22. Ne4 Bxe4 23. Bxe4 Rd7 24. b3 Rfd8 25. Kf2 g6 26. c4 Nc8 27. Bc2
Ne7 28. Rcd1 Nc6 29. Rxd7 Rxd7 30. h3 Rd2+ 31. Re2 Rxe2+ 32. Kxe2 Nxe5 33. Ke3
Nc6 34. b4 Kg7 35. Ba4 Kf6 1/2-1/2

[Event "IV Festival B"]
[Site "Codogno ITA"]
[Date "2012.09.22"]
[Round "2"]
[White "Gorini, Michele"]
[Black "Menato, Nazario"]
[WhiteElo "1392"]
[BlackElo "1555"]
[Result "0-1"]
[PlyCount "60"]
[EventDate "2012.09.21"]

1. d4 d5 2. c4 c6 3. cxd5 cxd5 4. e3 Nf6 5. Bb5+ Nc6 6. Nf3 a6 7. Bxc6+ bxc6 8.
Nc3 Bg4 9. h3 Bh5 10. Qa4 Qb6 11. Ne5 Rc8 12. g4 Bg6 13. f4 e6 14. O-O Be7 15.
Rb1 Bxb1 16. Nxb1 Ne4 17. Nc3 Nd6 18. g5 f6 19. Qd1 fxe5 20. fxe5 Nf5 21. e4
Nxd4 22. exd5 cxd5 23. Be3 Bc5 24. Kh1 Nf5 25. Bxc5 Qxc5 26. Qf3 Qc4 27. Rf2 g6
28. a3 O-O 29. Kh2 Qd4 30. Ne2 Qxe5+ 0-1

[Event "IV Festival B"]
[Site "Codogno ITA"]
[Date "2012.09.22"]
[Round "2"]
[White "Losi, Paolo"]
[Black "Panizza, Luca"]
[WhiteElo "1742"]
[BlackElo "1599"]
[Result "1-0"]
[PlyCount "113"]
[EventDate "2012.09.21"]

1. d4 f5 2. g3 Nf6 3. Bg2 g6 4. Bg5 Bg7 5. Nh3 d6 6. c4 O-O 7. Nc3 e5 8. dxe5
dxe5 9. Qxd8 Rxd8 10. Nd5 Nbd7 11. Nxc7 Rb8 12. Ne6 Re8 13. Nc7 Rf8 14. Be3 b6
15. Ng5 Nc5 16. Bxc5 bxc5 17. b3 e4 18. Nge6 Bxe6 19. Nxe6 Rfc8 20. Nxg7 Kxg7
21. O-O Rd8 22. Rfd1 h5 23. h3 g5 24. Kf1 Kf7 25. Ke1 Ke7 26. Rd2 Rxd2 27. Kxd2
Rd8+ 28. Kc3 a5 29. a3 f4 30. gxf4 gxf4 31. b4 cxb4+ 32. axb4 axb4+ 33. Kxb4
Rd2 34. Bf1 f3 35. Kc3 Rd8 36. exf3 exf3 37. Bd3 Rg8 38. Kd4 Rf8 39. Ra5 h4 40.
Rf5 Ra8 41. Rxf3 Ra1 42. Rf4 Nh5 43. Rxh4 Ra5 44. c5 Ra4+ 45. Bc4 Ng7 46. Rh7
Kf6 47. Kd5 Ra8 48. Kc6 Rc8+ 49. Kb6 Nf5 50. c6 Nd6 51. Rh6+ Ke7 52. Re6+ Kf8
53. Rxd6 Rb8+ 54. Ka7 Re8 55. c7 Re7 56. Rd8+ Kg7 57. Kb8 1-0

[Event "IV Festival B"]
[Site "Codogno ITA"]
[Date "2012.09.22"]
[Round "2"]
[White "Nordio, Giorgio"]
[Black "Casale, Anania"]
[WhiteElo "1566"]
[BlackElo "1723"]
[Result "0-1"]
[PlyCount "120"]
[EventDate "2012.09.21"]

1. d4 Nf6 2. c4 e6 3. Nc3 Bb4 4. Nf3 b6 5. Bf4 Bb7 6. e3 d6 7. Bd3 Nbd7 8. O-O
Bxc3 9. bxc3 O-O 10. Re1 Be4 11. Bxe4 Nxe4 12. Qd3 d5 13. cxd5 exd5 14. Nd2 g5
15. Bg3 Ndf6 16. Be5 Nxd2 17. Qxd2 Ne4 18. Qd3 f6 19. f3 fxe5 20. fxe4 dxe4 21.
Qxe4 exd4 22. cxd4 Qd7 23. Rf1 Rae8 24. Rxf8+ Rxf8 25. Qd3 Qf7 26. Qb3 Qxb3 27.
axb3 a5 28. Rc1 Rf7 29. g3 Kf8 30. e4 Ke8 31. Rf1 Re7 32. Re1 Kd7 33. Kf2 Kc6
34. Ke3 Kb5 35. Kd3 Kb4 36. Kc2 h5 37. Re2 b5 38. Kb2 a4 39. Re3 axb3 40. Rxb3+
Kc4 41. e5 Kxd4 42. Rxb5 Rxe5 43. Rb7 Rc5 44. Rb8 Ke3 45. Rf8 Ke4 46. Rf2 Rf5
47. Rc2 c5 48. Rc4+ Kf3 49. Kb3 Kg2 50. Rc2+ Kh3 51. Kc4 Kg4 52. Kd3 Kf3 53.
Kc4 Re5 54. Rc1 Re2 55. Kxc5 Rxh2 56. Rc3+ Kg4 57. Kd5 Rg2 58. Ke5 Rxg3 59.
Rc4+ Kf3 60. Kf5 h4 0-1

[Event "IV Festival B"]
[Site "Codogno ITA"]
[Date "2012.09.22"]
[Round "2"]
[White "Poletto, Daniele"]
[Black "Marzatico, Luca"]
[WhiteElo "1736"]
[BlackElo "1515"]
[Result "1/2-1/2"]
[PlyCount "41"]
[EventDate "2012.09.21"]

1. c4 e5 2. Nc3 Nf6 3. g3 Bc5 4. Bg2 Nc6 5. e3 O-O 6. Nge2 Re8 7. O-O a6 8. d4
exd4 9. exd4 Ba7 10. h3 d6 11. Kh2 h6 12. a3 Bf5 13. b4 Ne4 14. Nxe4 Bxe4 15.
Bb2 Bxg2 16. Kxg2 d5 17. c5 Qf6 18. Nf4 Ne7 19. Qb3 c6 20. Nd3 Nf5 21. Ne5
1/2-1/2

[Event "IV Festival B"]
[Site "Codogno ITA"]
[Date "2012.09.22"]
[Round "2"]
[White "Ruggeri, Igor"]
[Black "Biselli, Fabrizio"]
[WhiteElo "1545"]
[BlackElo "1456"]
[Result "1-0"]
[PlyCount "105"]
[EventDate "2012.09.21"]

1. d4 Nf6 2. c4 c5 3. d5 e6 4. Nc3 exd5 5. cxd5 d6 6. e4 g6 7. Nf3 Bg7 8. Bd3
O-O 9. O-O a6 10. h3 Re8 11. Bf4 Nh5 12. Bh2 b5 13. Qc2 Qf6 14. Rab1 Bxh3 15.
Be2 Bg4 16. e5 Bf5 17. exf6 Bxc2 18. Rbc1 Rxe2 19. Nxe2 Bd3 20. fxg7 Bxe2 21.
Rfe1 Bc4 22. Re8+ Kxg7 23. Rxc4 Nf6 24. Rce4 Nxe4 25. Rxe4 Nd7 26. Bxd6 Rd8 27.
Be7 Nf6 28. Bxd8 Nxe4 29. Bc7 Nf6 30. d6 Nd7 31. Nd2 f5 32. f4 Kf7 33. Kf2 c4
34. Ke3 Ke6 35. Kd4 h6 36. Nf3 Nf6 37. Ne5 g5 38. fxg5 hxg5 39. Ng6 Kf7 40.
Ne5+ Ke6 41. d7 Nxd7 42. Nxd7 Kxd7 43. Ba5 Kd6 44. Bd2 f4 45. Ke4 Ke6 46. Bc1
a5 47. Bd2 b4 48. Kd4 g4 49. Bxf4 b3 50. axb3 cxb3 51. Kc4 a4 52. Kb4 a3 53.
Kxa3 1-0

[Event "IV Festival B"]
[Site "Codogno ITA"]
[Date "2012.09.22"]
[Round "2"]
[White "Scotti, Luigi"]
[Black "Plucani, Germano"]
[WhiteElo "1491"]
[BlackElo "1422"]
[Result "0-1"]
[PlyCount "98"]
[EventDate "2012.09.21"]

1. d4 b6 2. e4 Bb7 3. Nc3 e6 4. Nf3 g6 5. Bd3 Bg7 6. O-O Ne7 7. Re1 O-O 8. Be3
d6 9. Qd2 Nd7 10. Bh6 d5 11. Bxg7 Kxg7 12. exd5 Nxd5 13. Nxd5 Bxd5 14. Qe3 Qf6
15. Ne5 Rad8 16. c4 Bb7 17. Ng4 Qh4 18. Ne5 Nxe5 19. Qxe5+ Qf6 20. Rad1 Qxe5
21. dxe5 c5 22. b3 Rd4 23. Rd2 Rfd8 24. Red1 Bc6 25. f3 a6 26. a4 a5 27. Kf2 h5
28. Ke3 f6 29. exf6+ Kxf6 30. Be4 Bxe4 31. fxe4 e5 32. Rf1+ Kg7 33. Rfd1 Kh6
34. h4 Rxd2 35. Rxd2 Rxd2 36. Kxd2 g5 37. hxg5+ Kxg5 38. Ke3 Kg4 39. Kf2 h4 40.
Kg1 Kg3 41. Kf1 Kf4 42. Kf2 Kxe4 43. Ke2 Kf4 44. Kf2 e4 45. Ke2 Kg3 46. Kf1 e3
47. Ke2 Kxg2 48. Kxe3 h3 49. b4 axb4 0-1

[Event "IV Festival B"]
[Site "Codogno ITA"]
[Date "2012.09.22"]
[Round "2"]
[White "Sigillo, Carmelo"]
[Black "Botta, Massimiliano"]
[WhiteElo "1768"]
[BlackElo "1476"]
[Result "1-0"]
[PlyCount "83"]
[EventDate "2012.09.21"]

1. e4 e6 2. d3 Nc6 3. g3 Nf6 4. Bg2 h6 5. Nf3 d5 6. Nbd2 Bc5 7. O-O O-O 8. Nb3
Bb6 9. e5 Nd7 10. d4 Ne7 11. a4 a6 12. c3 f6 13. exf6 Nxf6 14. a5 Ba7 15. Ne5
Nd7 16. Qe2 Nxe5 17. Qxe5 Rf5 18. Qe2 Bd7 19. Nd2 c5 20. Nf3 Nc6 21. dxc5 Bxc5
22. b4 Be7 23. Bh3 Rf6 24. Be3 Nxb4 25. cxb4 Bb5 26. Qb2 Bxf1 27. Bxf1 Rxf3 28.
Qe5 Qd6 29. Qh5 Rf5 30. Qg6 Rf6 31. Qg4 Qxb4 32. Qd1 Qd6 33. Rc1 Rff8 34. Qg4
e5 35. Rb1 d4 36. Rb6 Qd8 37. Bxh6 Bf6 38. Rxb7 g5 39. Bc4+ Kh8 40. Qf5 Be7 41.
Qxe5+ Bf6 42. Bg7+ 1-0

[Event "IV Festival B"]
[Site "Codogno ITA"]
[Date "2012.09.22"]
[Round "2"]
[White "Vuckovic, Dimitrije"]
[Black "Acunzo, Domenico"]
[WhiteElo "1517"]
[BlackElo "1743"]
[Result "0-1"]
[PlyCount "152"]
[EventDate "2012.09.21"]

1. Nf3 d5 2. c4 e6 3. g3 c6 4. e3 f5 5. d4 Nf6 6. Nc3 Bd6 7. cxd5 exd5 8. Bg2
O-O 9. O-O Nbd7 10. Qc2 Ne4 11. Ne1 Ndf6 12. f3 Nxc3 13. bxc3 Be6 14. Nd3 Qc7
15. Nf4 Bd7 16. Nd3 Rae8 17. c4 dxc4 18. Qxc4+ Kh8 19. Qc2 Bc8 20. Bd2 Qd8 21.
Rfe1 Re7 22. Re2 Rfe8 23. Rae1 Qc7 24. Bb4 Bxb4 25. Nxb4 a5 26. Nd3 Nd5 27. e4
fxe4 28. fxe4 Nf6 29. Nf4 Qb6 30. Qc4 Bg4 31. Re3 Rd8 32. Qc5 Qxc5 33. dxc5 Rd2
34. Ra3 g5 35. Nd3 Be2 36. Nf2 Bc4 37. Rxa5 Rxa2 38. Rxa2 Bxa2 39. Ra1 Bc4 40.
Ra7 Ba6 41. Ra8+ Kg7 42. Bf1 Bxf1 43. Kxf1 Nxe4 44. Nxe4 Rxe4 45. Rd8 Re7 46.
Rd4 Kf6 47. Kf2 Ke5 48. Rd1 Rf7+ 49. Ke3 h5 50. h3 g4 51. hxg4 hxg4 52. Ke2 Rf3
53. Rg1 Rc3 54. Rb1 Rxg3 55. Rxb7 Rc3 56. Re7+ Kd5 57. Rg7 g3 58. Rg5+ Ke4 59.
Rg4+ Kf5 60. Rh4 Kg5 61. Rh8 Kg4 62. Rg8+ Kh3 63. Rh8+ Kg2 64. Rh5 Kg1 65. Rh8
Rc4 66. Kd3 Rf4 67. Ke3 Rf2 68. Rh6 g2 69. Rxc6 Kf1 70. Rg6 g1=Q 71. Rxg1+ Kxg1
72. Kd4 Rc2 73. Kd5 Kf2 74. Kd6 Ke3 75. c6 Ke4 76. Kd7 Ke5 0-1

[Event "IV Festival B"]
[Site "Codogno ITA"]
[Date "2012.09.22"]
[Round "3"]
[White "Acunzo, Domenico"]
[Black "Cautiero, Pietro"]
[WhiteElo "1743"]
[BlackElo "1694"]
[Result "0-1"]
[PlyCount "103"]
[EventDate "2012.09.21"]

1. e4 e6 2. d4 d5 3. Nc3 Bb4 4. e5 Ne7 5. Qg4 c5 6. a3 Bxc3+ 7. bxc3 Qc7 8.
Qxg7 Rg8 9. Qxh7 cxd4 10. Ne2 Nbc6 11. f4 dxc3 12. Qd3 d4 13. Nxd4 Nxd4 14.
Qxd4 Nf5 15. Qf2 Bd7 16. Bd3 Bc6 17. Rg1 O-O-O 18. a4 Qd7 19. Qxa7 Qd5 20. Qf2
Rg4 21. g3 Nd4 22. Kd1 Nf3 23. Rf1 Rh8 24. h4 Rhg8 25. Be3 Rxg3 26. Ra3 Qa5 27.
Bb6 Qb4 28. Rb3 Qxa4 29. Qc5 Qa1+ 30. Ke2 Ng1+ 31. Rxg1 Rxg1 32. Ke3 R1g3+ 33.
Kd4 Qg1+ 34. Kxc3 Qxc5+ 35. Bxc5 R8g4 36. Rb4 Rf3 37. Bd6 Rxh4 38. Rb3 Rhxf4
39. Ra3 Ra4 40. Rb3 Kd7 41. Rb1 Ra5 42. Rg1 Ra8 43. Rg7 Rf4 44. Bg6 Bd5 45.
Bxf7 Kc6 46. Bh5 Rh8 47. Be2 Rh3+ 48. Kb2 Rf2 49. Rc7+ Kb6 50. Bd1 Rd2 51. Bg4
Rg3 52. Bh5 0-1

[Event "IV Festival B"]
[Site "Codogno ITA"]
[Date "2012.09.22"]
[Round "3"]
[White "Biselli, Fabrizio"]
[Black "Scotti, Luigi"]
[WhiteElo "1456"]
[BlackElo "1491"]
[Result "1-0"]
[PlyCount "59"]
[EventDate "2012.09.21"]

1. Nf3 g6 2. c4 Bg7 3. d4 d6 4. Nc3 e6 5. e4 Ne7 6. Bd3 Nd7 7. Be3 b6 8. O-O
Bb7 9. Qd2 h6 10. a4 a5 11. Rfb1 g5 12. d5 e5 13. Nb5 Nc5 14. Bc2 Ng6 15. b4
axb4 16. Qxb4 g4 17. Nd2 O-O 18. Nb3 Na6 19. Qd2 Kh7 20. a5 Nc5 21. axb6 cxb6
22. Nxc5 bxc5 23. Ba4 Ba6 24. Rb2 f5 25. Qd3 f4 26. Bd2 Nh4 27. Rba2 Bb7 28.
Qb3 Bc8 29. Nc3 g3 30. Ne2 1-0

[Event "IV Festival B"]
[Site "Codogno ITA"]
[Date "2012.09.22"]
[Round "3"]
[White "Carbone, Lorenzo"]
[Black "Fantina, Carla"]
[WhiteElo "1737"]
[BlackElo "1476"]
[Result "1-0"]
[PlyCount "49"]
[EventDate "2012.09.21"]

1. e4 d6 2. d4 Nf6 3. Bd3 g6 4. Nf3 Bg7 5. c3 O-O 6. O-O c5 7. Na3 a6 8. Nc2 b5
9. Nce1 Nc6 10. h3 Bb7 11. d5 Na5 12. Be3 e6 13. dxe6 fxe6 14. Nd2 c4 15. Bc2
Nc6 16. Nef3 d5 17. Qe2 Nh5 18. exd5 exd5 19. Rad1 Nf4 20. Bxf4 Rxf4 21. Qe6+
Kf8 22. Ne4 Ne7 23. Neg5 Bc8 24. Nxh7+ Ke8 25. Bxg6+ 1-0

[Event "IV Festival B"]
[Site "Codogno ITA"]
[Date "2012.09.22"]
[Round "3"]
[White "Casale, Anania"]
[Black "Guasconi, Lelio"]
[WhiteElo "1723"]
[BlackElo "1577"]
[Result "1-0"]
[PlyCount "103"]
[EventDate "2012.09.21"]

1. d4 Nf6 2. c4 e5 3. dxe5 Ng4 4. Nf3 Bc5 5. e3 Nc6 6. Be2 Ngxe5 7. a3 Nxf3+ 8.
Bxf3 Ne5 9. b4 Nxf3+ 10. Qxf3 Be7 11. Bb2 O-O 12. O-O Rb8 13. Bd4 b6 14. Nc3 c5
15. bxc5 bxc5 16. Be5 d6 17. Rfd1 Be6 18. Nb5 Rb6 19. Qg3 f6 20. Bxd6 Bxd6 21.
Nxd6 Qb8 22. Ne4 Bxc4 23. Qxb8 Rfxb8 24. Nxc5 Rb2 25. Rdc1 Bd5 26. h3 Kf7 27.
Nd3 R2b7 28. f3 Rd7 29. Nb4 Ba8 30. Rc5 Rbd8 31. Rac1 Ke6 32. Rc7 a5 33. Na6
Kf7 34. Rxd7+ Rxd7 35. Rc5 Rd3 36. Rxa5 Rxe3 37. Nc5 Bc6 38. Ra7+ Kg6 39. Kf2
Re5 40. Nd3 Re8 41. Nf4+ Kh6 42. Ne2 Bb5 43. Nd4 Bd3 44. a4 Rd8 45. Ke3 Bf1 46.
Nf5+ Kg5 47. Nxg7 Rd6 48. h4+ Kg6 49. h5+ Kg5 50. Ra5+ f5 51. Nxf5 Re6+ 52. Kf2
1-0

[Event "IV Festival B"]
[Site "Codogno ITA"]
[Date "2012.09.22"]
[Round "3"]
[White "Folcini, Gaddo"]
[Black "Biava, Pierluigi"]
[WhiteElo "1606"]
[BlackElo "1645"]
[Result "1-0"]
[PlyCount "89"]
[EventDate "2012.09.21"]

1. e4 c5 2. d4 e6 3. Nf3 cxd4 4. c3 dxc3 5. Nxc3 a6 6. Bd3 Nc6 7. O-O h5 8. e5
d5 9. Bg5 Be7 10. Bxe7 Qxe7 11. Re1 g5 12. Qd2 g4 13. Ng5 Bd7 14. Rac1 O-O-O
15. Na4 Kb8 16. Nc5 Bc8 17. b4 Nh6 18. Nh7 Nf5 19. Nf6 Nxe5 20. Bxa6 bxa6 21.
Rxe5 Qxf6 22. b5 Qxe5 23. bxa6 Qd4 24. Qa5 Rd6 25. a7+ Ka8 26. Qc7 Ba6 27. Rb1
Qd1+ 28. Rxd1 Rc8 29. Qa5 Kxa7 30. Rb1 Rdc6 31. h3 gxh3 32. Rb7+ Ka8 33. Rxf7
Nd6 34. Rh7 Nc4 35. Qa4 Nb2 36. Qb3 Rxc5 37. Qxb2 Rc1+ 38. Kh2 hxg2 39. Kxg2
Rg8+ 40. Kh2 Rcg1 41. Qa3 R1g2+ 42. Kh3 R2g7 43. Qxa6+ Kb8 44. Rxg7 Rxg7 45.
Qxe6 1-0

[Event "IV Festival B"]
[Site "Codogno ITA"]
[Date "2012.09.22"]
[Round "3"]
[White "Marchesotti, Giovanni"]
[Black "Sigillo, Carmelo"]
[WhiteElo "1525"]
[BlackElo "1768"]
[Result "1/2-1/2"]
[PlyCount "43"]
[EventDate "2012.09.21"]

1. Nf3 Nf6 2. g3 g6 3. Bg2 Bg7 4. O-O O-O 5. c4 d6 6. Nc3 e5 7. d3 c6 8. Bd2
Re8 9. e4 Bg4 10. h3 Bd7 11. Be3 Na6 12. Qd2 Nc7 13. Bh6 d5 14. Bxg7 Kxg7 15.
cxd5 cxd5 16. Rac1 d4 17. Ne2 Bc6 18. Ne1 Qd6 19. Nc2 a5 20. f4 Nd7 21. fxe5
Nxe5 22. Ncxd4 1/2-1/2

[Event "IV Festival B"]
[Site "Codogno ITA"]
[Date "2012.09.22"]
[Round "3"]
[White "Marzatico, Luca"]
[Black "Swannie, Bryan"]
[WhiteElo "1515"]
[BlackElo "1702"]
[Result "1-0"]
[PlyCount "36"]
[EventDate "2012.09.21"]

1. e4 d6 2. d4 Nf6 3. Nc3 e5 4. dxe5 dxe5 5. Qxd8+ Kxd8 6. Bc4 Ke8 7. f4 Bc5 8.
h3 Nbd7 9. Nf3 Nb6 10. Nxe5 Nxc4 11. Nxc4 Be6 12. Be3 Bb4 13. Nd2 b6 14. Bd4
Ke7 15. O-O-O Rad8 16. Be5 Rd7 17. a3 Bc5 18. f5 Be3 1-0

[Event "IV Festival B"]
[Site "Codogno ITA"]
[Date "2012.09.22"]
[Round "3"]
[White "Menato, Nazario"]
[Black "Attuati, Luca"]
[WhiteElo "1555"]
[BlackElo "1449"]
[Result "1/2-1/2"]
[PlyCount "40"]
[EventDate "2012.09.21"]

1. Nf3 d5 2. d4 Nf6 3. g3 Bg4 4. Bg2 e6 5. O-O Be7 6. c4 c6 7. c5 O-O 8. Bf4
Re8 9. Re1 h6 10. Ne5 Bf5 11. Nc3 Nh5 12. Bc1 Nf6 13. e4 Bh7 14. Ng4 Bf8 15. e5
Nxg4 16. Qxg4 f5 17. exf6 Qxf6 18. Re5 Bf5 19. Qh5 Nd7 20. Re2 Qg6 1/2-1/2

[Event "IV Festival B"]
[Site "Codogno ITA"]
[Date "2012.09.22"]
[Round "3"]
[White "Nordio, Giorgio"]
[Black "Vuckovic, Dimitrije"]
[WhiteElo "1566"]
[BlackElo "1517"]
[Result "1-0"]
[PlyCount "107"]
[EventDate "2012.09.21"]

1. d4 Nf6 2. c4 g6 3. Nc3 Bg7 4. e4 d6 5. Nf3 O-O 6. Be2 e5 7. dxe5 dxe5 8.
Qxd8 Rxd8 9. O-O Nc6 10. Bg5 h6 11. Bxf6 Bxf6 12. Nd5 Rxd5 13. cxd5 Nd4 14. Bd1
Bg4 15. Nxd4 Bxd1 16. Nb5 c6 17. Rfxd1 cxb5 18. Rac1 Bd8 19. Kf1 a5 20. Rc5 b4
21. Rdc1 Kf8 22. Rc8 Rxc8 23. Rxc8 Ke7 24. Rc2 Kd6 25. Ke2 f5 26. f3 f4 27. a3
bxa3 28. bxa3 h5 29. Rb2 b6 30. Rc2 g5 31. Rc6+ Kd7 32. Kd3 g4 33. Kc4 gxf3 34.
gxf3 h4 35. h3 Bc7 36. Kb5 Bd8 37. Rxb6 Bxb6 38. Kxb6 a4 39. Kb5 Kd6 40. Kxa4
Kc5 41. Ka5 Kd6 42. Kb6 Kd7 43. a4 Kc8 44. a5 Kb8 45. d6 Kc8 46. Kc6 Kd8 47. d7
Ke7 48. Kc7 Ke6 49. a6 Kf6 50. d8=Q+ Ke6 51. Qd6+ Kf7 52. Kd7 Kg8 53. Qe7 Kh8
54. a7 1-0

[Event "IV Festival B"]
[Site "Codogno ITA"]
[Date "2012.09.22"]
[Round "3"]
[White "Panizza, Luca"]
[Black "Ruggeri, Igor"]
[WhiteElo "1599"]
[BlackElo "1545"]
[Result "0-1"]
[PlyCount "170"]
[EventDate "2012.09.21"]

1. c4 c5 2. g3 Nf6 3. Bg2 e6 4. Nc3 d5 5. cxd5 exd5 6. d3 d4 7. Ne4 Nxe4 8.
Bxe4 Bd6 9. Bg2 O-O 10. Nf3 Qc7 11. O-O Bd7 12. Bd2 Bc6 13. Rc1 Nd7 14. a3 b6
15. b4 Ne5 16. Nxe5 Bxg2 17. Kxg2 Bxe5 18. bxc5 bxc5 19. e3 Qb7+ 20. e4 Rac8
21. f4 Bf6 22. a4 Qa6 23. Rc4 Be7 24. Qc2 Rb8 25. Rb1 Rb7 26. Rxb7 Qxb7 27. Qc1
Rb8 28. Kf3 Qb3 29. Qc2 Qb1 30. Qxb1 Rxb1 31. Rc1 Rb2 32. Ke2 f6 33. Kd1 Kf7
34. Rc2 Rb3 35. Ke2 Ke6 36. Bc1 Rb4 37. a5 Kd6 38. Ba3 Rb5 39. Ra2 Kc6 40. Bc1
Bd8 41. Bd2 Rb1 42. Be1 Kb5 43. e5 fxe5 44. fxe5 Kc6 45. Rc2 Kd5 46. Kf2 Be7
47. Re2 Rb3 48. Rd2 Kxe5 49. Kf3 Kd5 50. Kg4 Rb1 51. Re2 Bf6 52. a6 Ra1 53. Re8
Rxa6 54. Bd2 h6 55. h4 Ra3 56. Rf8 Rxd3 57. Bxh6 c4 58. Bf4 c3 59. Rf7 Ke6 60.
Rxa7 c2 61. Ra6+ Kd5 62. Ra7 Rc3 63. Bc1 Ke4 64. Rd7 Rb3 65. Rc7 d3 66. Rc6 Rb1
67. Bd2 Rd1 68. Bf4 Rf1 69. Bd2 Bb2 70. Re6+ Kd5 71. Re7 c1=Q 72. Bxc1 Rxc1 73.
Kf3 Rf1+ 74. Kg2 Rc1 75. Kf3 Rc2 76. Rd7+ Kc4 77. Rc7+ Kb3 78. Rd7 d2 79. Ke2
Bc3 80. g4 Rc1 81. h5 Re1+ 82. Kf2 d1=Q 83. Rxd1 Rxd1 84. g5 Rd5 85. h6 Rxg5
0-1

[Event "IV Festival B"]
[Site "Codogno ITA"]
[Date "2012.09.22"]
[Round "3"]
[White "Plucani, Germano"]
[Black "Poletto, Daniele"]
[WhiteElo "1422"]
[BlackElo "1736"]
[Result "0-1"]
[PlyCount "88"]
[EventDate "2012.09.21"]

1. d4 Nf6 2. Nf3 g6 3. e3 Bg7 4. Nbd2 d6 5. c3 Nbd7 6. Be2 c5 7. O-O O-O 8. b4
cxb4 9. cxb4 b6 10. a4 Bb7 11. Ba3 Rc8 12. Rc1 Rxc1 13. Qxc1 Qa8 14. Qb1 Rc8
15. Rc1 Nd5 16. Rxc8+ Qxc8 17. b5 Nc3 18. Qd3 Nxa4 19. Qc4 Qxc4 20. Bxc4 Nc3
21. Bb4 Nd5 22. Bxd5 Bxd5 23. Kf1 Nf6 24. h3 Ne8 25. Ke1 Nc7 26. Nb1 Nxb5 27.
Nc3 Nxc3 28. Bxc3 h6 29. Kd2 Kf8 30. Kc1 Ke8 31. Kb2 Kd7 32. Ka3 e6 33. Ne1 e5
34. g3 exd4 35. Bxd4 Bxd4 36. exd4 Kc6 37. Kb4 a5+ 38. Ka3 Kb5 39. Nc2 Kc4 40.
Kb2 Be4 41. f4 Bxc2 42. Kxc2 Kxd4 43. Kd2 a4 44. Kc2 Ke3 0-1

[Event "IV Festival B"]
[Site "Codogno ITA"]
[Date "2012.09.22"]
[Round "3"]
[White "Vecchio, Paolo L."]
[Black "Giuria, Abramo"]
[WhiteElo "1350"]
[BlackElo "1717"]
[Result "0-1"]
[PlyCount "94"]
[EventDate "2012.09.21"]

1. d4 d5 2. Nf3 Nf6 3. Bg5 Nbd7 4. e3 e6 5. Ne5 Be7 6. Bd3 c5 7. c3 Nxe5 8.
dxe5 Nd7 9. Bxe7 Qxe7 10. Bb5 Qg5 11. Bxd7+ Bxd7 12. O-O Qxe5 13. Nd2 O-O 14.
Re1 Bc6 15. f4 Qc7 16. g4 d4 17. cxd4 cxd4 18. Nf3 dxe3 19. Ne5 Qb6 20. Qe2 Bb5
21. Qxe3 Qxe3+ 22. Rxe3 Rfd8 23. b3 Rac8 24. a4 Ba6 25. b4 b6 26. b5 Bb7 27. a5
f6 28. a6 Ba8 29. Nd3 Rc3 30. Rd1 Rb3 31. Rxe6 Bf3 32. Rde1 Rbxd3 33. Re7 R3d7
34. h3 Kf8 35. R7e3 Ba8 36. Kf2 Rd2+ 37. Kg3 R2d3 38. Kf2 Rxe3 39. Kxe3 Re8+
40. Kf2 Rxe1 41. Kxe1 Bd5 42. Kd2 Bc4 43. Kc3 Bxb5 44. Kb4 Bxa6 45. f5 Bf1 46.
h4 Bh3 47. g5 fxg5 0-1

[Event "IV Festival B"]
[Site "Codogno ITA"]
[Date "2012.09.23"]
[Round "4"]
[White "Attuati, Luca"]
[Black "Nordio, Giorgio"]
[WhiteElo "1449"]
[BlackElo "1566"]
[Result "0-1"]
[PlyCount "76"]
[EventDate "2012.09.21"]

1. e4 c6 2. d4 d5 3. e5 Bf5 4. Bd3 Bxd3 5. Qxd3 e6 6. Bd2 Nd7 7. a3 c5 8. Nf3
cxd4 9. Qxd4 Bc5 10. Qg4 g6 11. b4 Bf8 12. c4 Bg7 13. cxd5 Nxe5 14. Nxe5 Bxe5
15. Bc3 Qxd5 16. O-O Bxc3 17. Nxc3 Qe5 18. Ne2 Ne7 19. Ng3 O-O 20. Rfe1 Qf6 21.
Rac1 Rac8 22. h4 Rxc1 23. Rxc1 Rc8 24. Rxc8+ Nxc8 25. Nh5 Qa1+ 26. Kh2 Qe5+ 27.
Nf4 Ne7 28. g3 Qb2 29. Kg2 Qxa3 30. Nh5 Nd5 31. Qg5 Qxb4 32. Qd8+ Qf8 33. Qg5
Qe7 34. Qg4 f5 35. Qg5 Qxg5 36. hxg5 gxh5 37. Kh3 a5 38. Kh4 a4 0-1